| 000 | 00569nam a2200217Ia 4500 | ||
|---|---|---|---|
| 005 | 20250326144322.0 | ||
| 008 | 250326s9999 xx 000 0 und d | ||
| 020 | _a0-415-39687-5 | ||
| 037 | _aTextbook | ||
| 040 |
_aFMSL _beng _cFMSL |
||
| 041 |
_aeng _2eng |
||
| 084 |
_aX:9.1 P7 _qFMSL |
||
| 100 |
_aHall Menden _9749468 |
||
| 245 | 0 |
_aReading & cases of international HRM _cHall Menden |
|
| 260 | _c2007 | ||
| 300 | _a385p | ||
| 365 | _b1515.6946 | ||
| 650 | _aHuman Resource Management | ||
| 942 |
_cTB _hX:9.1 P7 |
||
| 999 |
_c1303282 _d1303282 |
||